Ιστορικό αρχείο, 1941-1944

Αποθηκεύτηκε σε:
Λεπτομέρειες βιβλιογραφικής εγγραφής
Άλλοι συγγραφείς: Τσουδερού, Βιργινία (Συντάκτης)
Μορφή: Βιβλίο
Γλώσσα:Greek
Δημοσίευση: Αθήνα : Φυτράκης, c1990
Θέματα:
Ετικέτες: Προσθήκη ετικέτας
Δεν υπάρχουν, Καταχωρήστε ετικέτα πρώτοι!

MARC

LEADER 00000cam a2200000 i 4500
001 1/13436
008 110602s1990 gre d
020 |a 960-7038-01-0 (set) 
020 |a 960-7038-00-2 (τ.Α) 
020 |a 960-7038-02-9 (τ.Β) 
020 |a 960-7038-04-5 (τ.Γ1) 
020 |a 960-7038-03-7 (τ.Γ2) 
020 |a 960-7038-05-3 (τ.Δ) 
020 |a 960-7038-06-1 (τ.Ε) 
035 |l 10110198 
040 |a GR-MY-UA  |b gre  |e aacr 
041 0 |a gre 
082 0 |a 938.7601  |2 (22) 
245 1 0 |a Ιστορικό αρχείο, 1941-1944 /  |c Εμμανουήλ Ι. Τσουδερού 
246 3 3 |a Τσουδερού Ι. Εμμανουήλ 
260 |a Αθήνα :   |b Φυτράκης,   |c c1990 
300 |a 6τ.;  |c 24 εκ. 
504 |a Περιέχει ευρετήριο 
600 1 0 |a Τσουδερός, Εμμανουήλ Ι.,   |d 1882-1956. 
651 0 |a Greece  |x Politics and government  |y 1935-1967  |v Sources. 
700 1 |a Τσουδερού, Βιργινία.  |4 com 
852 |a INST  |b LESVOS  |e 20110602  |h 938.7601 ΙΣΤ  |p 005100048957  |q 005100048957  |t BK  |y 0  |z τ.Γ1 
852 |a INST  |b LESVOS  |e 20110602  |h 938.7601 ΙΣΤ  |p 005100048958  |q 005100048958  |t BK  |y 0  |z τ.Ε 
852 |a INST  |b LESVOS  |e 20110602  |h 938.7601 ΙΣΤ  |p 005100048959  |q 005100048959  |t BK  |y 0  |z τ.Δ 
852 |a INST  |b LESVOS  |e 20110602  |h 938.7601 ΙΣΤ  |p 005100048960  |q 005100048960  |t BK  |y 0  |z τ.Β 
852 |a INST  |b LESVOS  |e 20110602  |h 938.7601 ΙΣΤ  |p 005100048961  |q 005100048961  |t BK  |y 0  |z τ.Α 
852 |a INST  |b LESVOS  |e 20110602  |h 938.7601 ΙΣΤ  |p 005100048962  |q 005100048962  |t BK  |y 0  |z τ.Γ2 
852 |a INST  |b LESVOS  |e 20110602  |h 938.7601 ΙΣΤ  |p 005100048957  |q 005100048957  |t BK  |v τ.Γ1:  |y 0  |z τ.Γ1 
852 |a INST  |b LESVOS  |e 20110602  |h 938.7601 ΙΣΤ  |p 005100048958  |q 005100048958  |t BK  |v τ.Ε:  |y 0  |z τ.Ε 
852 |a INST  |b LESVOS  |e 20110602  |h 938.7601 ΙΣΤ  |p 005100048959  |q 005100048959  |t BK  |v τ.Δ:  |y 0  |z τ.Δ 
852 |a INST  |b LESVOS  |e 20110602  |h 938.7601 ΙΣΤ  |p 005100048960  |q 005100048960  |t BK  |v τ.Β:  |y 0  |z τ.Β 
852 |a INST  |b LESVOS  |e 20110602  |h 938.7601 ΙΣΤ  |p 005100048961  |q 005100048961  |t BK  |v τ.Α:  |y 0  |z τ.Α 
852 |a INST  |b LESVOS  |e 20110602  |h 938.7601 ΙΣΤ  |p 005100048962  |q 005100048962  |t BK  |v τ.Γ2:  |y 0  |z τ.Γ2 
853 |a INST  |b LESVOS  |h 938.7601 ΙΣΤ 
901 |a BIBL1-2011-2 
970 |a ΤΖΑΦΕΡΗ  |b ΕΥΑΓΓΕΛΙΑ  |z 2010/06/02